| 000 | 01755nam a22003497a 4500 | ||
|---|---|---|---|
| 003 | DO-SdBNP | ||
| 005 | 20240404114900.0 | ||
| 008 | 160624b 2009 dr ||| 00| 0 spa d | ||
| 020 | _a9789945462005 (Obra completa) | ||
| 040 |
_aBPMSU _bspa _cBPMSU |
||
| 082 |
_aRD868.44 _bB742o 2009 _222 |
||
| 092 |
_a _b |
||
| 100 | 1 |
_aBosch, Juan, _d1909-2001 _91 |
|
| 245 | 1 | 0 |
_aObras completas / _cJuan Bosch ; edición Guillermo Piña-Contreras ; colaboradores Eduardo Selman Hasbún, Juan Daniel Balcácer ; introducción Pedro Vergés |
| 260 |
_aSanto Domingo : _bComisión Permanente de Efemérides Patrias, _c2009. |
||
| 300 |
_a40 v. : _c21 cm. |
||
| 505 |
_gv. 1 - v. 4 -- _tNarrativa -- _gv. 5 -- _tTeoría literaria -- _gv. 6 - v. 7 -- _tBiografías -- _gv. 8 -- _tTextos autobiográficos -- _gv. 9 - v. 14 _tHistoria Dominicana -- _gv. 15 -- _tTesis políticas -- _gv. 16 - v. 17 -- _tTextos históricos -- _gv. 18 -- _tTextos económicos -- _gv. 19 - v. 26 -- _tDiscursos -- _gv. 27 -- _tCapacitación política y otros textos -- _gv. 28 -- _tInformes al PLD y otros textos -- _gv. 29 - v. 40 -- _tObra periodística. |
||
| 590 | _6Inventariado, 2022/VM | ||
| 650 | 4 | _aLiteratura dominicana | |
| 650 | 4 | _aPolítica internacional | |
| 650 | 4 | _aHistoria mundial | |
| 650 | 4 |
_aAutores dominicanos _xEntrevistas _y1963-1991 |
|
| 651 | 4 |
_aRepública Dominicana _xBiografías |
|
| 651 | 4 |
_aRepública Dominicana _xPolítica y gobierno |
|
| 651 | 4 |
_aRepública Dominicana _xHistoria |
|
| 700 | 1 |
_aPiña-Contreras, Guillermo, _eeditor |
|
| 700 | 1 |
_aSelman Hasbún, Eduardo, _ecolaborador |
|
| 700 | 1 |
_aBalcácer, Juan Daniel, _ecolaborador |
|
| 700 | 1 |
_aVergés, Pedro, _eintrod. |
|
| 910 | _aVMateo V./Validado. Control de calidad MFF | ||
| 942 |
_2ddc _cBK |
||
| 999 |
_c10575 _d10575 |
||